Statistics for 東経と北緯が整数値で交わる自治体

Click here to take the quiz!

General Stats

  • This quiz has been taken 10 times
  • The average score is 3 of 10

Answer Stats

東経北緯自治体名% Correct
14040大潟村
78%
13336知夫村
44%
13835浜松市
33%
13335庄原市
33%
13937南魚沼市
22%
13737七尾市
22%
14139奥州市
22%
14344滝上町
11%
13434つるぎ町
11%
13033大村市
0%

Score Distribution

Percentile by Number Answered

Percent of People with Each Score

Your Score History

You have not taken this quiz